Economic Impacts of Cultural Event in Slovakia

Vyčíslenie vplyvu kultúrneho podujatia v Bratislave prostredníctvom ekonomických výhod založených na merateľných ukazovateľoch. Objektom výskumu sú Korunovačné slávnosti 2016 v Bratislave. Zameranie na služby, za ktoré návštevníci počas podujatia platia. Kalkulácia všetkých výdavkov návštevníkov pod...

Descrizione completa

Salvato in:
Dettagli Bibliografici
Autore principale: Michálková, Anna, 1968-
Altri autori: Gorásová, Silvia, Krajčík Danišová, Sonia, 1981-
Natura: Capitolo di libro
Lingua:inglese
Soggetti:
Tags: Aggiungi Tag
Nessun Tag, puoi essere il primo ad aggiungerne!!

MARC

LEADER 00000naa a2200000 4500
001 0253021
005 20251016115555.8
041 0 |a eng 
044 |a GR 
245 1 0 |a Economic Impacts of Cultural Event in Slovakia  |c Anna Michálková, Silvia Gorásová, Sonia Krajčík Danišová 
520 |a Vyčíslenie vplyvu kultúrneho podujatia v Bratislave prostredníctvom ekonomických výhod založených na merateľných ukazovateľoch. Objektom výskumu sú Korunovačné slávnosti 2016 v Bratislave. Zameranie na služby, za ktoré návštevníci počas podujatia platia. Kalkulácia všetkých výdavkov návštevníkov podujatia. 
610 2 0 |a kultúra 
610 2 0 |a rozvoj regionálny 
610 2 0 |a výdavky 
610 2 0 |a organizácia 
610 2 0 |a ekonómia 
610 2 0 |a služby 
610 2 0 |a skupiny cieľové 
610 2 0 |a cudzinci 
610 2 0 |a zákazníci 
610 2 0 |a turistika 
610 2 0 |a Slovensko 
100 1 |a Michálková, Anna, 1968- 
700 1 |a Gorásová, Silvia 
700 1 |a Krajčík Danišová, Sonia, 1981-